000 01833nam a22002417a 4500
003 Uzh_bibl
008 260601b |||||||| |||| 00| 0 ukr d
020 _a978-0-19-274842-3
_c50.00
040 _bукр.
041 _2eng
_aeng
080 _a821(410)
090 _a821(410)
_bО 90
100 _a Owen,Laura
245 _aWinnie and Wilbur: Winnie Goes for Gold
_cil.Korky Paul
_hТекст
260 _a Oxford
_bUniversity Press
_c2016
300 _a94 s.
_bil.
520 _aWhether they are entertaining their oddball relatives, trying to do their bit to save the planet, babysitting with a touch of magic, or bringing some Olympic fun to the school sports day, Winnie and Wilbur would love you to share their golden moments! Four hilarious stories featuring Winnie and Wilbur and a zany supporting cast. Korky Paul's exuberant black line illustrations complement the humour, slapstick, and moments of real drama in each story. 'Funny, mischievous, silly, and exciting. Great stuff.' Giles Andrea, author of Sir Scallywag and the Golden Underpants. The spellbinding new look of this bestselling series celebrates the wonderful relationship shared by Winnie and her cat, Wilbur. Since 1987 they have been delighting children and adults all over the world and more than 7 million books have been sold. Winnie and Wilbur will be hitting TV screens worldwide in 2017, airing in the UK on Milkshake, Channel 5's popular pre-school slot. A Winnie and Wilbur stage show is set to run in Birmingham in 2017 followed by a national UK tour. A new look for the website, too! www.winnieandwilbur.com
521 _aДля молодшого шкільного віку
546 _aукр.
650 _aЛітературно-художне видання
655 _aДитяча література
942 _2udc
_cBK
999 _c18040
_d18040